[Event "2018_CEG Ricle B"]
[Site "Riscle"]
[Date "2018.08.06"]
[Round "1.1"]
[White "Goulesque, Camille"]
[Black "Gey, Marc-Emile"]
[Result "0-1"]
[WhiteElo "1923"]
[BlackElo "1894"]
[PlyCount "96"]
[EventDate "2018.??.??"]
[WhiteTeam "Echiquier Bordelais"]
[BlackTeam "LEC Echiquier Limousin"]

1. e4 e5 2. Nf3 Nc6 3. Bb5 Nf6 4. O-O Nxe4 5. d4 Nd6 6. Bxc6 dxc6 7. dxe5 Nf5
8. Qxd8+ Kxd8 9. h3 h6 10. Nc3 Be7 11. Ne4 b6 12. Rd1+ Ke8 13. Bf4 Be6 14. g4
Bd5 15. Re1 Nh4 16. Nxh4 Bxh4 17. e6 Bxe6 18. Bxc7 Be7 19. Rad1 Kf8 20. Nd6 Bf6
21. b3 (21. c3 Bxa2 22. Ra1 Bd5 23. Bxb6) 21... h5 22. Nf5 hxg4 23. hxg4 g6 24.
Ne3 Kg7 25. Rd6 c5 26. Rd3 Rae8 27. Red1 Bd4 28. g5 Rh5 29. Bf4 Reh8 30. Rxd4
cxd4 31. Be5+ Kh7 32. Bxh8 dxe3 33. Bf6 e2 34. Re1 Bd5 35. f3 Bxf3 36. Kf2 Rh3
37. c4 Bh5 38. b4 Rf3+ 39. Kg1 Ra3 40. c5 bxc5 41. bxc5 Rxa2 42. Kf2 Rc2 43.
Rb1 Rxc5 44. Bd4 (44. Rb8 Rf5+ 45. Ke1 Rf1+ 46. Kd2 e1=Q+) 44... Rxg5 45. Rb8
Rf5+ 46. Kg2 Bf3+ 47. Kh2 g5 48. Kh3 g4+ 0-1

[Event "2018_CEG Ricle B"]
[Site "Riscle"]
[Date "2018.08.06"]
[Round "1.2"]
[White "Blondel, Jerome"]
[Black "Saliou, Jean-Yves"]
[Result "0-1"]
[WhiteElo "1879"]
[BlackElo "1858"]
[PlyCount "74"]
[EventDate "2018.??.??"]
[WhiteTeam "Orcher la Tour"]
[BlackTeam "Le Cavalier Fou Melun"]

1. c4 Nf6 2. Nc3 e5 3. Nf3 Nc6 4. g3 Bb4 5. Bg2 O-O 6. O-O Bxc3 7. bxc3 Re8 8.
d3 e4 9. Ng5 exd3 10. exd3 h6 11. Nh3 d5 12. cxd5 Nxd5 13. Qb3 Be6 14. c4 Nd4
15. Qb2 Bxh3 16. Bxh3 Nc3 17. Kh1 Nde2 18. Qd2 Qd6 19. Bb2 Na4 20. Rad1 Rad8
21. Rfe1 Nd4 22. Rxe8+ Rxe8 23. Bxd4 Qxd4 24. Qc2 Nc3 25. Rd2 Re1+ 26. Kg2 Ra1
27. Qb3 Rb1 28. Qa3 c5 29. Qxa7 Qe5 30. Qa8+ Kh7 31. Qc8 g6 32. Qf8 Qc7 33. Rc2
Ra1 34. Rxc3 Qc6+ 35. f3 Rxa2+ 36. Kg1 Qxf3 37. Qxc5 Ra1+ 0-1

[Event "2018_CEG Ricle B"]
[Site "Riscle"]
[Date "2018.08.06"]
[Round "1.3"]
[White "Constantin, Francois"]
[Black "Camilleri, Herve"]
[Result "1-0"]
[WhiteElo "1862"]
[BlackElo "1840"]
[PlyCount "77"]
[EventDate "2018.??.??"]
[WhiteTeam "Echiquier Vésulien"]

1. c4 c5 2. e4 Nc6 3. g3 Nf6 4. Bg2 d6 5. Nc3 g6 6. Nge2 Bg7 7. d3 O-O 8. O-O
Bd7 9. h3 a6 10. Be3 e5 11. f4 Qc8 12. Kh2 Rb8 13. fxe5 Nxe5 14. Qd2 Bc6 15.
Rf4 b5 16. Raf1 b4 17. Nd5 Bxd5 18. exd5 Nfd7 19. b3 g5 20. Rf5 g4 21. d4 Nf3+
22. Bxf3 gxf3 23. R5xf3 cxd4 24. Bxd4 Ne5 25. Bxe5 dxe5 26. Qe3 Qc7 27. Qe4 Rb6
28. g4 Qc5 29. Ng3 Rh6 30. Nh5 Qd4 31. Qxd4 exd4 32. Nxg7 Kxg7 33. Rf4 Re8 34.
Rxd4 Re2+ 35. Kg3 Rf6 36. d6 Re8 37. d7 Rd8 38. Rxf6 Kxf6 39. c5 1-0

[Event "2018_CEG Ricle B"]
[Site "Riscle"]
[Date "2018.08.06"]
[Round "1.4"]
[White "Barbier, Astrid"]
[Black "Mesples, Jean-Marc"]
[Result "1-0"]
[WhiteElo "1842"]
[BlackElo "1846"]
[PlyCount "106"]
[EventDate "2018.??.??"]
[BlackTeam "Echiquier de l'Armagnac"]

1. e4 e5 2. Nf3 Nc6 3. Bb5 a6 4. Ba4 Nf6 5. d3 d6 6. c3 Be7 7. O-O O-O 8. Re1
b5 9. Bc2 Bb7 10. Nbd2 Nb8 11. d4 exd4 12. cxd4 c5 13. d5 Nbd7 14. Nf1 Re8 15.
Ng3 Bf8 16. Nf5 g6 17. Nh6+ Kg7 18. Ng5 Re7 19. Nhxf7 Qb6 20. Nh6 Rae8 21. Ne6+
Rxe6 22. dxe6 Rxe6 23. Bg5 Nxe4 24. Bxe4 Rxe4 25. Rxe4 Bxe4 26. Qg4 Qc6 27. Qf4
Qd5 28. Ng4 Qf5 29. Bh6+ Kg8 30. Qxf5 Bxf5 31. Bxf8 Kxf8 32. f3 d5 33. Kf2 Bxg4
34. fxg4 Ne5 35. Kg3 Ke7 36. h4 Kd6 37. Rf1 Nd7 38. Kf4 Ne5 39. Kg3 d4 40. Rf6+
Kd5 41. Rxa6 d3 42. Kf2 Nxg4+ 43. Ke1 c4 44. Ra7 Ne3 45. Rd7+ Kc5 46. Rxh7
Nxg2+ 47. Kd2 Nf4 48. Rf7 Nd5 49. Rg7 b4 50. Rxg6 Nf4 51. Rg8 c3+ 52. bxc3
bxc3+ 53. Kxc3 Kd5 1-0

[Event "2018_CEG Ricle B"]
[Site "Riscle"]
[Date "2018.08.06"]
[Round "2.1"]
[White "Gey, Marc-Emile"]
[Black "Barbier, Astrid"]
[Result "0-1"]
[WhiteElo "1894"]
[BlackElo "1842"]
[PlyCount "90"]
[EventDate "2018.??.??"]
[WhiteTeam "LEC Echiquier Limousin"]

1. Nf3 f5 2. d3 g6 3. e4 d6 4. e5 Bg7 5. d4 Nh6 6. Bxh6 Bxh6 7. Nc3 d5 8. h4 e6
9. h5 g5 10. g4 f4 11. Qd2 O-O 12. O-O-O b6 13. Kb1 Ba6 14. Nb5 Qd7 15. Qb4 Bb7
16. Qd2 a6 17. Nc3 Qe7 18. Rh3 Nd7 19. Ne2 c5 20. c3 c4 21. Kc2 Bc6 22. Rb1 b5
23. Kd1 a5 24. Ne1 Nb6 25. Bg2 Rab8 26. Nc2 Na8 27. a3 Nc7 28. Ke1 Na6 29. Kf1
Ra8 30. Bf3 Rfb8 31. Kg2 b4 32. Rhh1 Ba4 33. axb4 axb4 34. Ra1 Bxc2 35. Qxc2 b3
36. Qd2 Nc7 37. Rxa8 Rxa8 38. Rb1 Nb5 39. Qd1 Ra6 40. Ra1 Qa7 41. Rxa6 Qxa6 42.
Qd2 Qa1 43. Kh2 Nc7 44. Ng1 Qb1 45. Qe2 Na8 0-1

[Event "2018_CEG Ricle B"]
[Site "Riscle"]
[Date "2018.08.06"]
[Round "2.2"]
[White "Constantin, Francois"]
[Black "Goulesque, Camille"]
[Result "0-1"]
[WhiteElo "1862"]
[BlackElo "1923"]
[PlyCount "59"]
[EventDate "2018.??.??"]
[WhiteTeam "Echiquier Vésulien"]
[BlackTeam "Echiquier Bordelais"]

1. c4 Nf6 2. Nc3 g6 3. g3 Bg7 4. Bg2 O-O 5. e4 d6 6. Nge2 c5 7. O-O Nc6 8. d3
Ne8 9. Be3 Nd4 10. Rb1 a5 11. b3 Nc7 12. a3 Bg4 13. f3 Bd7 14. b4 axb4 15. axb4
b6 16. Qd2 Ra3 17. bxc5 bxc5 18. Bf2 Nce6 19. Nxd4 Nxd4 20. Ne2 Nxe2+ 21. Qxe2
Qa8 22. e5 Ra2 23. Qd1 Bc6 24. Ra1 Bxe5 25. Rxa2 Qxa2 26. Qb1 Qa8 27. Re1 Rb8
28. Qc1 Bxf3 29. Bh3 Qa2 30. Qg5 0-1

[Event "2018_CEG Ricle B"]
[Site "Riscle"]
[Date "2018.08.06"]
[Round "2.3"]
[White "Camilleri, Herve"]
[Black "Saliou, Jean-Yves"]
[Result "0-1"]
[WhiteElo "1840"]
[BlackElo "1858"]
[PlyCount "108"]
[EventDate "2018.??.??"]
[BlackTeam "Le Cavalier Fou Melun"]

1. d4 Nf6 2. Nf3 d6 3. Bf4 Nbd7 4. e3 g6 5. Nbd2 Bg7 6. Bd3 O-O 7. h4 c5 8. c3
cxd4 9. cxd4 Qa5 10. a3 Nh5 11. b4 Qd8 12. Qb3 e5 13. Bg5 Qe8 14. g4 exd4 15.
Kf1 dxe3 16. Re1 Ne5 17. Rxe3 Bxg4 18. Nxe5 dxe5 19. Re1 Qd7 20. Bc4 Nf4 21.
Bxf4 exf4 22. Ne4 b5 23. Be2 Bxe2+ 24. Rxe2 Rad8 25. Rd2 Qc7 26. Rxd8 Rxd8 27.
Rh3 Qe7 28. Qf3 Qe5 29. h5 h6 30. Nc5 g5 31. Qc6 Rd1+ 32. Kg2 g4 33. Qc8+ Kh7
34. Qxg4 Qg5 35. Qxg5 hxg5 36. Kf3 f5 37. Rh2 Ra1 38. Ne6 Rxa3+ 39. Ke2 Bf6 40.
h6 Be7 41. Ng7 Bxb4 42. Nxf5 Bc5 43. Ng7 Ra2+ 44. Kf3 Rxf2+ 45. Rxf2 Bxf2 46.
Kxf2 Kxh6 47. Ne6 a5 48. Nc5 a4 49. Kf3 Kh5 50. Nd3 a3 51. Nb4 Kh4 52. Na2 Kh3
53. Nb4 g4+ 54. Kxf4 g3 0-1

[Event "2018_CEG Ricle B"]
[Site "Riscle"]
[Date "2018.08.06"]
[Round "2.4"]
[White "Mesples, Jean-Marc"]
[Black "Blondel, Jerome"]
[Result "1-0"]
[WhiteElo "1846"]
[BlackElo "1879"]
[PlyCount "63"]
[EventDate "2018.??.??"]
[WhiteTeam "Echiquier de l'Armagnac"]
[BlackTeam "Orcher la Tour"]

1. d4 d5 2. c4 c6 3. cxd5 cxd5 4. Nc3 Nf6 5. Bf4 e6 6. e3 Bd6 7. Bxd6 Qxd6 8.
f4 Nc6 9. Bd3 a6 10. Nf3 b5 11. O-O O-O 12. Rc1 Bb7 13. Ne5 Rac8 14. Qf3 Ne7
15. g4 b4 16. g5 Nd7 17. Na4 Rxc1 18. Rxc1 Bc8 19. Qh3 g6 20. Nc5 Nxe5 21. fxe5
Qd8 22. Bxa6 Bxa6 23. Nxa6 Qa5 24. Nc5 Nf5 25. Nd7 Ra8 26. Nf6+ Kf8 27. Qxh7
Nxe3 28. Rc5 Qa7 29. Qh8+ Ke7 30. Ng8+ Kd7 31. Qf6 Ke8 32. Ra5 1-0

[Event "2018_CEG Ricle B"]
[Site "Riscle"]
[Date "2018.08.06"]
[Round "3.1"]
[White "Saliou, Jean-Yves"]
[Black "Mesples, Jean-Marc"]
[Result "0-1"]
[WhiteElo "1858"]
[BlackElo "1846"]
[PlyCount "100"]
[EventDate "2018.??.??"]
[WhiteTeam "Le Cavalier Fou Melun"]
[BlackTeam "Echiquier de l'Armagnac"]

1. e4 e5 2. Nf3 Nc6 3. d4 exd4 4. Bc4 Nf6 5. O-O Nxe4 6. Re1 d5 7. Bxd5 Qxd5 8.
Nc3 Qa5 9. Rxe4+ Be6 10. Nxd4 O-O-O 11. Be3 Bc5 12. Nce2 Qb6 13. c3 Qxb2 14.
Qe1 Bd5 15. Rb1 Qa3 16. Rg4 Nxd4 17. cxd4 Bb6 18. Rxg7 Rhg8 19. Rg3 Qxa2 20.
Nc3 Qc4 21. Nxd5 Qxd5 22. Rxg8 Rxg8 23. g3 Bxd4 24. Rd1 c5 25. Qa5 Qb3 26. Re1
Qc3 27. Qxc3 Bxc3 28. Rc1 Bb4 29. Bxc5 Bxc5 30. Rxc5+ Kd7 31. f4 Kd6 32. Ra5 a6
33. Kf2 Rc8 34. Kf3 Rc6 35. Kg4 b5 36. Kf5 Kc7 37. h4 Kb6 38. Ra1 b4 39. Ke4
Kb5 40. g4 a5 41. g5 b3 42. h5 Kb4 43. Kd5 Ra6 44. Rc1 b2 45. Rg1 a4 46. f5 a3
47. g6 fxg6 48. hxg6 (48. fxg6 hxg6 49. h6 Ra8) 48... hxg6 49. fxg6 a2 50. g7
Ra8 0-1

[Event "2018_CEG Ricle B"]
[Site "Riscle"]
[Date "2018.08.06"]
[Round "3.2"]
[White "Barbier, Astrid"]
[Black "Constantin, Francois"]
[Result "1-0"]
[WhiteElo "1842"]
[BlackElo "1862"]
[PlyCount "49"]
[EventDate "2018.??.??"]
[BlackTeam "Echiquier Vésulien"]

1. e4 d5 2. exd5 Nf6 3. Nc3 Nxd5 4. Bc4 Nb6 5. Bb3 Nc6 6. a3 Bf5 7. Nge2 e5 8.
Ng3 Bg6 9. d3 Be7 10. O-O O-O 11. f4 exf4 12. Bxf4 Nd4 13. Ba2 Nxc2 14. Qxc2
Bxd3 15. Qf2 Bxf1 16. Rxf1 c6 17. Nh5 Nd5 18. Qg3 g6 19. Bh6 Bd6 20. Nxd5 cxd5
21. Qg4 Qc8 22. Nf6+ Kh8 23. Qh4 Rd8 24. Bxd5 Be5 25. Bxf7 1-0

[Event "2018_CEG Ricle B"]
[Site "Riscle"]
[Date "2018.08.06"]
[Round "3.3"]
[White "Goulesque, Camille"]
[Black "Camilleri, Herve"]
[Result "0-1"]
[WhiteElo "1923"]
[BlackElo "1840"]
[PlyCount "92"]
[EventDate "2018.??.??"]
[WhiteTeam "Echiquier Bordelais"]

1. e4 e5 2. Nf3 d6 3. Bc4 Be7 4. c3 Nf6 5. d3 O-O 6. h3 c6 7. a4 d5 8. exd5
cxd5 9. Bb3 Nc6 10. O-O h6 11. Na3 Bf5 12. Re1 Bd6 13. g4 Be6 14. g5 Bxh3 15.
gxf6 Qxf6 16. Kh1 e4 17. dxe4 Bg4 18. Kg2 Ne5 19. Nxe5 Bxd1 20. Rxd1 Qxe5 21.
Rd4 Qh2+ 22. Kf1 Be5 23. Bxd5 Bxd4 24. cxd4 Qh1+ 25. Ke2 Rac8 26. Nc4 Rfd8 27.
b3 Rxd5 28. exd5 Qxd5 29. Be3 Re8 30. Rd1 f5 31. f4 a6 32. a5 Qe4 33. d5 Qc2+
34. Rd2 Qxb3 35. Ne5 Qb5+ 36. Kf2 Qxa5 37. d6 Rd8 38. d7 g5 39. Rd6 Qa2+ 40.
Rd2 Qe6 41. Kg3 h5 42. Bc5 gxf4+ 43. Kxf4 Qh6+ 44. Kxf5 Qxd2 45. Ke6 Qh6+ 46.
Ke7 Qf8+ 0-1

[Event "2018_CEG Ricle B"]
[Site "Riscle"]
[Date "2018.08.06"]
[Round "3.4"]
[White "Blondel, Jerome"]
[Black "Gey, Marc-Emile"]
[Result "1/2-1/2"]
[WhiteElo "1879"]
[BlackElo "1894"]
[PlyCount "87"]
[EventDate "2018.??.??"]
[WhiteTeam "Orcher la Tour"]
[BlackTeam "LEC Echiquier Limousin"]

1. c4 e5 2. Nc3 Nf6 3. Nf3 Nc6 4. g3 d5 5. cxd5 Nxd5 6. Bg2 Nb6 7. d3 Be7 8.
Be3 O-O 9. O-O Bg4 10. Rc1 Qd7 11. Ne4 Bh3 12. Bc5 Bxg2 13. Kxg2 Rab8 14. Bxe7
Qxe7 15. Nc5 Nd4 16. e3 Nxf3 17. Qxf3 c6 18. Rfd1 Rfd8 19. Qe4 Qf6 20. Qg4 g6
21. Ne4 Qe7 22. Ng5 Kg7 23. Nf3 f5 24. Qg5 Qe6 25. Rc5 Nd7 26. Ra5 h6 27. Qh4
g5 28. Qc4 Kf6 29. Qxe6+ Kxe6 30. Rxa7 Ra8 31. Rxb7 Rxa2 32. d4 e4 33. Nd2 Rb8
34. Rxb8 Nxb8 35. Nc4 Na6 36. Rc1 Nb4 37. Ne5 Rxb2 38. Nxc6 Nd3 39. Rf1 f4 40.
exf4 gxf4 41. Ne5 Nxe5 42. dxe5 Kxe5 43. gxf4+ Kxf4 44. Re1 1/2-1/2

[Event "2018_CEG Ricle B"]
[Site "Riscle"]
[Date "2018.08.06"]
[Round "4.1"]
[White "Goulesque, Camille"]
[Black "Barbier, Astrid"]
[Result "1/2-1/2"]
[WhiteElo "1923"]
[BlackElo "1842"]
[PlyCount "83"]
[EventDate "2018.??.??"]
[WhiteTeam "Echiquier Bordelais"]

1. c4 c5 2. g3 g6 3. Bg2 Bg7 4. Nf3 Nc6 5. O-O e5 6. Nc3 Nge7 7. d3 O-O 8. Ng5
h6 9. Nge4 b6 10. Nd6 Rb8 11. f4 f5 12. fxe5 Nxe5 13. Nd5 Kh7 14. Bd2 Nxd5 15.
Bxd5 Qe7 16. Nxc8 Rbxc8 17. Rb1 Rce8 18. Qc2 Ng4 19. e4 Bd4+ 20. Kg2 fxe4 21.
Bxe4 Rxf1 22. Rxf1 Rf8 23. Bf4 Ne3+ 24. Bxe3 Bxe3 25. Qe2 Rxf1 26. Qxf1 Kg7 27.
Qf3 Bd4 28. b3 Qf6 29. Qe2 Qf7 30. Bd5 Qf8 31. Bf3 Bf6 32. Qe4 Qe7 33. Qa8 d6
34. Be4 Bd4 35. a4 Bf6 36. h4 h5 37. Qd5 Bd4 38. Bf3 Be5 39. Qa8 Bd4 40. Be4
Qf7 41. Bf3 Qe7 42. Be4 1/2-1/2

[Event "2018_CEG Ricle B"]
[Site "Riscle"]
[Date "2018.08.06"]
[Round "4.2"]
[White "Gey, Marc-Emile"]
[Black "Saliou, Jean-Yves"]
[Result "1-0"]
[WhiteElo "1894"]
[BlackElo "1858"]
[PlyCount "103"]
[EventDate "2018.??.??"]
[WhiteTeam "LEC Echiquier Limousin"]
[BlackTeam "Le Cavalier Fou Melun"]

1. Nf3 Nf6 2. c4 b6 3. g3 Bb7 4. Bg2 c5 5. O-O e6 6. b3 Be7 7. Bb2 O-O 8. d3 d5
9. e3 dxc4 10. dxc4 Nbd7 11. Nc3 a6 12. Qc2 Ra7 13. Rfd1 Qa8 14. Nh4 Bxg2 15.
Nxg2 Rd8 16. Ne1 h5 17. Qe2 h4 18. Qf3 hxg3 19. hxg3 Qb8 20. Nd3 b5 21. Ne4
Nxe4 22. Qxe4 Nf6 23. Qe5 Rad7 24. Qxb8 Rxb8 25. Ne5 Rxd1+ 26. Rxd1 Rd8 27.
Rxd8+ Bxd8 28. Nc6 Bc7 29. cxb5 axb5 30. a4 bxa4 31. bxa4 Nd5 32. a5 f6 33. a6
Nb6 34. Kf1 Kf7 35. Ke2 Ke8 36. Ba3 Kd7 37. Na5 Na8 38. Nb3 Bd6 39. Bxc5 Bxc5
40. Nxc5+ Kd6 41. Nb3 e5 42. Kd3 Kc6 43. Ke4 g6 44. f4 exf4 45. exf4 Nc7 46.
Nd4+ Kb6 47. a7 Kxa7 48. Nc6+ Kb6 49. Ne7 g5 50. Nd5+ Kc6 51. Nxc7 gxf4 52.
gxf4 1-0

[Event "2018_CEG Ricle B"]
[Site "Riscle"]
[Date "2018.08.06"]
[Round "4.3"]
[White "Camilleri, Herve"]
[Black "Mesples, Jean-Marc"]
[Result "0-1"]
[WhiteElo "1840"]
[BlackElo "1846"]
[PlyCount "114"]
[EventDate "2018.??.??"]
[BlackTeam "Echiquier de l'Armagnac"]

1. d4 d5 2. Nf3 Nf6 3. Bf4 c5 4. c3 Nc6 5. e3 Qb6 6. Qb3 c4 7. Qxb6 axb6 8. Na3
Na7 9. Be2 e6 10. Nc2 b5 11. O-O Nc6 12. b3 Ne4 13. bxc4 Nxc3 14. Rfe1 bxc4 15.
Bf1 Nb4 16. Nxb4 Bxb4 17. Rec1 Rxa2 18. Rxa2 Nxa2 19. Ra1 Nc3 20. Bc7 O-O 21.
Ba5 Bxa5 22. Rxa5 b5 23. Ne5 f6 24. Nc6 Bb7 25. Nb4 Ra8 26. Rxa8+ Bxa8 27. f3
e5 28. Kf2 exd4 29. exd4 Bb7 30. Ke3 Kf7 31. Kd2 Na4 32. g4 Ke6 33. f4 Kd6 34.
Bg2 Nb6 35. Bf3 Nc8 36. h4 h6 37. h5 Ne7 38. f5 Nc6 39. Kc3 Nd8 40. Nc2 Nf7 41.
Ne3 Ng5 42. Bg2 Nh7 43. Bf3 Nf8 44. Ng2 Nd7 45. Nf4 Nb8 46. Ne6 Nc6 47. Nxg7
b4+ 48. Kb2 c3+ 49. Kc1 Nxd4 50. Bd1 Bc6 51. g5 fxg5 52. f6 Bd7 53. Kb1 b3 54.
Kc1 c2 55. f7 Ke7 56. Bg4 Kxf7 57. Bxd7 Ne2+ 0-1

[Event "2018_CEG Ricle B"]
[Site "Riscle"]
[Date "2018.08.06"]
[Round "4.4"]
[White "Constantin, Francois"]
[Black "Blondel, Jerome"]
[Result "1-0"]
[WhiteElo "1862"]
[BlackElo "1879"]
[PlyCount "55"]
[EventDate "2018.??.??"]
[WhiteTeam "Echiquier Vésulien"]
[BlackTeam "Orcher la Tour"]

1. c4 e5 2. Nc3 Nf6 3. Nf3 Nc6 4. e3 d5 5. cxd5 Nxd5 6. Bb5 Nxc3 7. bxc3 e4 8.
Nd4 Qg5 9. Qa4 Qxg2 10. Bxc6+ Kd8 11. Ne6+ Bxe6 12. Bxe4 Qg4 13. Qd4+ Kc8 14.
Rb1 c6 15. a3 Qg5 16. c4 Qa5 17. Qb2 Qb6 18. Qc2 Qa6 19. Bd3 Qa5 20. Bb2 Qg5
21. Bc3 f5 22. Qb2 b6 23. Be5 Qe7 24. a4 Qa3 25. Qc2 Qc5 26. Bd4 Qa5 27. c5
Bxc5 28. Bc3 1-0

[Event "2018_CEG Ricle B"]
[Site "Riscle"]
[Date "2018.08.06"]
[Round "5.1"]
[White "Barbier, Astrid"]
[Black "Camilleri, Herve"]
[Result "1-0"]
[WhiteElo "1842"]
[BlackElo "1840"]
[PlyCount "73"]
[EventDate "2018.??.??"]

1. e4 e5 2. Nf3 d6 3. d4 Nd7 4. Bc4 Be7 5. O-O Ngf6 6. Re1 O-O 7. c3 c6 8. Bb3
h6 9. Nbd2 Qc7 10. Nf1 Re8 11. Ng3 Bf8 12. Nh4 d5 13. dxe5 Nxe5 14. exd5 Bc5
15. Be3 Bxe3 16. Rxe3 Bg4 17. d6 Qb6 18. Qc2 c5 19. Ngf5 Kf8 20. Rae1 c4 21.
Rxe5 cxb3 22. Qxb3 Rxe5 23. Rxe5 Qxb3 24. axb3 Nd7 25. Re7 Rd8 26. h3 Bd1 27.
b4 Bc2 28. Ne3 Bd3 29. Nhf5 h5 30. g4 hxg4 31. hxg4 a6 32. g5 Kg8 33. Kg2 Nb6
34. Kg3 Nd5 35. Nxd5 Bxf5 36. Rxb7 Rxd6 37. Ne7+ 1-0

[Event "2018_CEG Ricle B"]
[Site "Riscle"]
[Date "2018.08.06"]
[Round "5.2"]
[White "Mesples, Jean-Marc"]
[Black "Gey, Marc-Emile"]
[Result "0-1"]
[WhiteElo "1846"]
[BlackElo "1894"]
[PlyCount "84"]
[EventDate "2018.??.??"]
[WhiteTeam "Echiquier de l'Armagnac"]
[BlackTeam "LEC Echiquier Limousin"]

1. d4 d5 2. c4 e6 3. Nc3 Nf6 4. cxd5 exd5 5. Bg5 Be7 6. Qc2 c6 7. e3 O-O 8. Bd3
Nbd7 9. Nge2 Re8 10. O-O Nf8 11. f3 Be6 12. e4 dxe4 13. fxe4 Ng4 14. Bxe7 Qxe7
15. Qd2 c5 16. d5 Bd7 17. Nf4 Ng6 18. Nxg6 hxg6 19. h3 Ne5 20. Rae1 c4 21. Bc2
Qd6 22. Qf4 Qb6+ 23. Rf2 Qxb2 24. Qd2 Qa3 25. d6 Re6 26. Rd1 Rd8 27. Nd5 Be8
28. Rb1 b6 29. Qg5 f6 30. Qh4 Rdxd6 31. Qf4 Qc5 32. Kh1 g5 33. Qg3 Bg6 34. Rbf1
Nd3 35. Bxd3 cxd3 36. e5 Rxd5 37. exf6 Rxf6 38. Rxf6 gxf6 39. Rxf6 Kg7 40. Rf1
d2 41. Qf3 Rf5 42. Qb7+ Rf7 0-1

[Event "2018_CEG Ricle B"]
[Site "Riscle"]
[Date "2018.08.06"]
[Round "5.3"]
[White "Saliou, Jean-Yves"]
[Black "Constantin, Francois"]
[Result "1-0"]
[WhiteElo "1858"]
[BlackElo "1862"]
[PlyCount "83"]
[EventDate "2018.??.??"]
[WhiteTeam "Le Cavalier Fou Melun"]
[BlackTeam "Echiquier Vésulien"]

1. e4 d5 2. exd5 Nf6 3. d4 Nxd5 4. a3 g6 5. Nf3 Bg7 6. Bc4 Nc6 7. c3 O-O 8. O-O
a5 9. Bg5 h6 10. Bh4 Nf4 11. Re1 Qd7 12. Bg3 Nh5 13. d5 Nxg3 14. hxg3 Nb8 15.
Qe2 Qg4 16. Nbd2 Re8 17. Qf1 Nd7 18. Re4 Qf5 19. Rae1 Nb6 20. Rxe7 Rxe7 21.
Rxe7 Nxd5 22. g4 Nxe7 23. gxf5 Bxf5 24. Nh4 Rd8 25. Qe2 Nc6 26. Nxf5 gxf5 27.
Nf3 Bf6 28. g3 Kh7 29. Bxf7 Rd7 30. Be6 Re7 31. Bxf5+ Kg7 32. Qd3 Ne5 33. Nxe5
Rxe5 34. Bh7 Kh8 35. f4 Re7 36. Bf5 h5 37. Qf3 h4 38. gxh4 Rg7+ 39. Kf1 Kg8 40.
Qh5 Kf8 41. Bg6 Ke7 42. Qc5+ 1-0

[Event "2018_CEG Ricle B"]
[Site "Riscle"]
[Date "2018.08.06"]
[Round "5.4"]
[White "Blondel, Jerome"]
[Black "Goulesque, Camille"]
[Result "0-1"]
[WhiteElo "1879"]
[BlackElo "1923"]
[PlyCount "112"]
[EventDate "2018.??.??"]
[WhiteTeam "Orcher la Tour"]
[BlackTeam "Echiquier Bordelais"]

1. c4 Nf6 2. Nc3 g6 3. g3 Bg7 4. Bg2 O-O 5. e4 d6 6. d4 Nc6 7. Nf3 e5 8. dxe5
dxe5 9. Qxd8 Rxd8 10. Bg5 Nd4 11. O-O Nxf3+ 12. Bxf3 Bh3 13. Rfd1 c6 14. Rxd8+
Rxd8 15. Rd1 Rxd1+ 16. Bxd1 Nd7 17. g4 Bf8 18. Be3 Bc5 19. Bxc5 Nxc5 20. Be2
Ne6 21. f3 Nf4 22. Kf2 Kf8 23. c5 h5 24. gxh5 gxh5 25. Bc4 h4 26. b4 Ke7 27. a4
a5 28. bxa5 Ne6 29. a6 bxa6 30. Bxa6 Nxc5 31. Bc4 Nb7 32. Nd1 f6 33. Ke3 Kd6
34. Nf2 Bd7 35. f4 Na5 36. fxe5+ fxe5 37. Be2 c5 38. Bb5 Bxb5 39. axb5 c4 40.
Nh3 Kc5 41. Ng5 Kxb5 42. Nf3 Kb4 43. Nxe5 c3 44. Nd3+ Kb3 45. e5 c2 46. Kd2
Nc4+ 47. Kc1 Kc3 48. Ne1 Nxe5 49. Nxc2 Kd3 50. Ne1+ Ke2 51. Ng2 Nd3+ 52. Kb1 h3
53. Nh4 Ke3 54. Kc2 Ne5 55. Kd1 Ng4 56. Nf5+ Kf2 0-1

[Event "2018_CEG Ricle B"]
[Site "Riscle"]
[Date "2018.08.06"]
[Round "6.1"]
[White "Barbier, Astrid"]
[Black "Blondel, Jerome"]
[Result "1/2-1/2"]
[WhiteElo "1842"]
[BlackElo "1879"]
[PlyCount "30"]
[EventDate "2018.??.??"]
[BlackTeam "Orcher la Tour"]

1. e4 d5 2. exd5 Qxd5 3. Nc3 Qd6 4. g3 Nf6 5. Bg2 Bg4 6. Nf3 e5 7. O-O Nc6 8.
Qe2 Be7 9. Ne4 Nxe4 10. Qxe4 f5 11. Qe3 e4 12. Ne1 Nd4 13. c3 Ne6 14. f3 exf3
15. Nxf3 O-O 1/2-1/2

[Event "2018_CEG Ricle B"]
[Site "Riscle"]
[Date "2018.08.06"]
[Round "6.2"]
[White "Camilleri, Herve"]
[Black "Gey, Marc-Emile"]
[Result "1/2-1/2"]
[WhiteElo "1840"]
[BlackElo "1894"]
[PlyCount "117"]
[EventDate "2018.??.??"]
[BlackTeam "LEC Echiquier Limousin"]

1. d4 d5 2. Nf3 Nf6 3. Bf4 e6 4. e3 c5 5. c3 Bd6 6. Ne5 Bxe5 7. Bxe5 cxd4 8.
exd4 Nc6 9. Bb5 O-O 10. Bxc6 bxc6 11. O-O Nd7 12. Bg3 Qb6 13. b3 Ba6 14. Re1 c5
15. Qg4 cxd4 16. cxd4 Nf6 17. Qg5 Ne4 18. Qe3 Rfc8 19. f3 Nxg3 20. hxg3 Qd6 21.
f4 Qb4 22. a3 Qa5 23. b4 Qa4 24. f5 exf5 25. Nc3 Qd7 26. Qf3 Bb7 27. Re3 g6 28.
Rae1 Re8 29. Re5 Rxe5 30. Rxe5 Re8 31. Nxd5 Kg7 32. Rxe8 Qxe8 33. Qe3 Qc6 34.
Qe5+ Kh6 35. Ne3 f6 36. Qf4+ Kg7 37. d5 Qd7 38. Qc4 Qd6 39. Kf2 Qe5 40. a4 g5
41. d6 f4 42. Qc7+ Kg6 43. gxf4 gxf4 44. Nc2 Qe4 45. d7 Qxg2+ 46. Ke1 Bf3 47.
Nd4 Qg1+ 48. Kd2 Qxd4+ 49. Kc1 Qa1+ 50. Kd2 Qd4+ 51. Kc1 Qa1+ 52. Kc2 Be4+ 53.
Kd2 Qd4+ 54. Ke1 Qe3+ 55. Kd1 Qd3+ 56. Kc1 Qb1+ 57. Kd2 Qxb4+ 58. Kc1 Qb1+ 59.
Kd2 1/2-1/2

[Event "2018_CEG Ricle B"]
[Site "Riscle"]
[Date "2018.08.06"]
[Round "6.3"]
[White "Goulesque, Camille"]
[Black "Saliou, Jean-Yves"]
[Result "1-0"]
[WhiteElo "1923"]
[BlackElo "1858"]
[PlyCount "103"]
[EventDate "2018.??.??"]
[WhiteTeam "Echiquier Bordelais"]
[BlackTeam "Le Cavalier Fou Melun"]

1. c4 Nf6 2. Nf3 b6 3. g3 Bb7 4. Bg2 e6 5. Nc3 Bb4 6. Qb3 Bxc3 7. Qxc3 O-O 8.
d3 d5 9. O-O c5 10. cxd5 Nxd5 11. Qc4 Nc6 12. Qg4 Qd7 13. Ng5 Nd4 14. e3 Nc2
15. Rb1 Nf6 16. Qc4 Bxg2 17. Kxg2 Nb4 18. d4 Rac8 19. Bd2 Qb7+ 20. Kg1 Nbd5 21.
Qd3 cxd4 22. e4 h6 23. exd5 hxg5 24. dxe6 fxe6 25. Bxg5 Qd5 26. Bxf6 Rxf6 27.
Rbc1 Rff8 28. Rfe1 Rxc1 29. Rxc1 e5 30. Rc7 e4 31. Qc4 Qxc4 32. Rxc4 Rd8 33.
Kf1 Kf7 34. Ke2 Ke6 35. f3 exf3+ 36. Kxf3 Kd5 37. Rc7 Re8 38. Rxg7 Kc4 39. Rc7+
Kd3 40. Rd7 Rf8+ 41. Kg4 Ke3 42. h4 d3 43. h5 d2 44. h6 Ke2 45. Kh5 d1=Q 46.
Rxd1 Kxd1 47. g4 Ke2 48. g5 Kf3 49. h7 Kf4 50. g6 Rf5+ 51. Kh6 Rf8 52. h8=Q 1-0

[Event "2018_CEG Ricle B"]
[Site "Riscle"]
[Date "2018.08.06"]
[Round "6.4"]
[White "Constantin, Francois"]
[Black "Mesples, Jean-Marc"]
[Result "1-0"]
[WhiteElo "1862"]
[BlackElo "1846"]
[PlyCount "145"]
[EventDate "2018.??.??"]
[WhiteTeam "Echiquier Vésulien"]
[BlackTeam "Echiquier de l'Armagnac"]

1. c4 e5 2. Nc3 Bb4 3. Qc2 Nf6 4. Nf3 Bxc3 5. bxc3 d6 6. d3 O-O 7. g3 h6 8. Bg2
Re8 9. Nd2 c6 10. O-O Bf5 11. Rb1 Qd7 12. e4 Bg4 13. f3 Bh5 14. Rf2 Na6 15. Nf1
Bg6 16. f4 Nc5 17. f5 Bh7 18. Ne3 d5 19. cxd5 cxd5 20. Ba3 d4 21. Bxc5 dxe3 22.
Bxe3 Ng4 23. Rf3 Nxe3 24. Rxe3 Qc6 25. Qd2 Red8 26. d4 b6 27. Rd3 Rac8 28. Rd1
f6 29. d5 Qc5+ 30. Qe3 Rd6 31. Qxc5 Rxc5 32. Rb1 g6 33. g4 h5 34. h3 hxg4 35.
hxg4 gxf5 36. gxf5 Kg7 37. Rb2 Bg8 38. Rg3+ Kf8 39. Bh1 Bf7 40. Rh2 Ke7 41. Kf1
b5 42. Ke1 a5 43. Kd2 b4 44. cxb4 axb4 45. Rb3 Ra6 46. Kd3 Ra8 47. Rxb4 Ra3+
48. Rb3 Ra4 49. Ke3 Rd4 50. Bf3 Rc7 51. Rhb2 Rdc4 52. Rb7 Rc3+ 53. Kd2 R3c5 54.
Rxc7+ Rxc7 55. Be2 Ra7 56. Bb5 Bh5 57. a4 Bf3 58. Ke3 Bd1 59. Rb1 Bg4 60. Rh1
Kd6 61. Rh6 Rf7 62. Rh8 Rc7 63. Bc6 Bd1 64. Rf8 Ra7 65. Rxf6+ Kc5 66. Re6 Rh7
67. Rxe5 Rh3+ 68. Kf4 Rf3+ 69. Kg5 Rg3+ 70. Kf6 Rh3 71. Re8 Bc2 72. Bb5 Rf3 73.
Rc8+ 1-0